Detalles MARC
| 000 -CABECERA |
| campo de control de longitud fija |
02293nam a22002897a 4500 |
| 003 - IDENTIFICADOR DEL NÚMERO DE CONTROL |
| campo de control |
OSt |
| 005 - FECHA Y HORA DE LA ÚLTIMA TRANSACCIÓN |
| campo de control |
20240422101417.0 |
| 008 - DATOS DE LONGITUD FIJA--INFORMACIÓN GENERAL |
| campo de control de longitud fija |
210217b 2020 dr abc 00| 0 eng d |
| 020 ## - NÚMERO INTERNACIONAL ESTÁNDAR DEL LIBRO |
| Número Internacional Estándar del Libro |
9789945613438 |
| 040 ## - FUENTE DE LA CATALOGACIÓN |
| Centro catalogador/agencia de origen |
DO-SdBNP |
| Lengua de catalogación |
spa |
| Centro/agencia transcriptor |
BNPHU |
| 082 #4 - NÚMERO DE LA CLASIFICACIÓN DECIMAL DEWEY |
| Número de clasificación |
972.93052 |
| Número de documento/Ítem |
B333n |
| Número de edición |
22 |
| 100 1# - ENTRADA PRINCIPAL--NOMBRE DE PERSONA |
| Nombre de persona |
Batlle Pérez, Fernando Arturo, |
| Fechas asociadas al nombre |
1938- |
| 9 (RLIN) |
77822 |
| 245 10 - MENCIÓN DE TÍTULO |
| Título |
Naufragio del crucero acorazado USS Memphis : |
| Resto del título |
la ola que llevaba el alma de la Patria / |
| Mención de responsabilidad, etc. |
Fernando Arturo Batlle Pérez ; prólogo : José Chez Checo. |
| 260 ## - PUBLICACIÓN, DISTRIBUCIÓN, ETC. |
| Lugar de publicación, distribución, etc. |
Santo Domingo : |
| Nombre del editor, distribuidor, etc. |
Archivo General de la Nación, |
| Fecha de publicación, distribución, etc. |
2020. |
| 300 ## - DESCRIPCIÓN FÍSICA |
| Extensión |
406 p. : |
| Otras características físicas |
il., mapas retrs. ; |
| Dimensiones |
23 cm. |
| 490 1# - MENCIÓN DE SERIE |
| Mención de serie |
Archivo General de la Nación ; |
| Designación de volumen o secuencia |
377 |
| 500 ## - NOTA GENERAL |
| Nota general |
Incluye datos biográficos del autor en la solapa de la cubierta |
| 500 ## - NOTA GENERAL |
| Nota general |
Incluye referencias bibliográficas y notas al pie de las páginas |
| 500 ## - NOTA GENERAL |
| Nota general |
Incluye índice onomástico |
| 505 0# - NOTA DE CONTENIDO CON FORMATO |
| Nota de contenido con formato |
Prólogo / |
| Mención de responsabilidad |
José Chez Checo |
| Título |
Introducción -- |
| Información miscelánea |
Capítulo I |
| Título |
Escenario político-militar del naufragio del USS Memphis -- |
| Información miscelánea |
Capítulo II |
| Título |
El escenario físico del naufragio del USS Memphis -- |
| Información miscelánea |
Capítulo III |
| Título |
El crucero acorazado USS Tennessee-Memphis -- |
| -- |
El crucero acorazado y su importancia en el desarrollo y evolución de la Armada de los Estados Unidos de Norteamérica -- |
| -- |
Características estructurales y funcionales del crucero acorazado USS Tennessee-Memphis -- |
| -- |
Breve historia de sus operaciones en el mar -- |
| -- |
El cañonero USS Castine -- |
| Información miscelánea |
Capítulo IV |
| Título |
El naufragio del USS Memphis y su tragedia humana -- |
| Información miscelánea |
Capítulo V |
| Título |
Causa primaria y factores causales del naufragio del USS Memphis -- |
| Información miscelánea |
Capítulo VI |
| Título |
Destino del derrelicto del USS Memphis -- |
| Información miscelánea |
Capítulo VII |
| Título |
Una condena cuyos motivos flotaron en un mar de incertidumbres -- |
| Información miscelánea |
Capítulo VIII |
| Título |
De cuatro héroes --- |
| Información miscelánea |
Capítulo IX |
| Título |
De un excelso relator y de una asociación de supervivientes -- |
| -- |
Poética, prosa, reportes periodísticos y otros documentos sobre el naufragio del USS Memphis -- |
| -- |
Epílogo -- |
| 590 ## - NOTA LOCAL (RLIN) |
| Nota local |
Inventariado, 2021 /LP<br/><br/> |
| 650 #4 - PUNTO DE ACCESO ADICIONAL DE MATERIA--TÉRMINO DE MATERIA |
| Término de materia o nombre geográfico como elemento de entrada |
Barcos de guerra |
| Subdivisión general |
Naufragios |
| 9 (RLIN) |
78357 |
| 651 #0 - PUNTO DE ACCESO ADICIONAL DE MATERIA--NOMBRE GEOGRÁFICO |
| Nombre geográfico |
República Dominicana -- |
| Subdivisión general |
Historia -- |
| Subdivisión cronológica |
Ocupación norteamericana, 1916-1924 |
| 9 (RLIN) |
1926 |
| 700 1# - PUNTO DE ACCESO ADICIONAL--NOMBRE DE PERSONA |
| Nombre de persona |
Chez Checo, José, |
| Fechas asociadas al nombre |
1949- |
| Término indicativo de función/relación |
prólogo |
| 9 (RLIN) |
10145 |
| 830 #0 - PUNTO DE ACCESO ADICIONAL DE SERIE-TÍTULO UNIFORME |
| Título uniforme |
Archivo General de la Nación ; |
| Número de parte o sección de la obra |
377 |
| 9 (RLIN) |
77823 |
| 942 ## - ELEMENTOS DE PUNTO DE ACCESO ADICIONAL (KOHA) |
| Fuente del sistema de clasificación o colocación |
Dewey Decimal Classification |
| Tipo de ítem Koha |
Libro |